Perspektívy využívania klastrov pre rozvoj regiónov a národných ekonomík

Saved in:
Bibliographic Details
Main Author: Kniežová, Ivana
Format: Book Chapter
Language:Slovak
Tags: Add Tag
No Tags, Be the first to tag this record!

MARC

LEADER 00000nla$a2200000$$$4500
001 0117775
005 20240502072321.8
041 0 |a slo 
044 |a SK 
245 1 0 |a Perspektívy využívania klastrov pre rozvoj regiónov a národných ekonomík  |c Ivana Siegl Kniežová 
100 1 |a Kniežová, Ivana